00656nam a2200229 a 4500001001300000003000900013005001700022008004100039020002300080082001500103100001600118245003100134260004000165300000900205500003500214505001800249650002200267902000800289942000700297952010700304999001500411nice12345678IN_TiNIC20260116012029.0050524s1979 jeda grp 000 0 eng  a0340086 c29700a297.7bHUS aHusain, S S aCrisis in Muslim Education aJeddahbHodder and Stoughton c1979 a133p aincludes index and biblioraphy2 aindes, notes. aIslamic-Education bSRS cBK 00104070aHMIbHMId2007-07-12g297.00l3o297.7 HUSp09812r2018-03-15s2018-01-17w2026-01-16yEB c5342d5342